Návrh regulačných prvkov pre chladiaci výkon samoťažnej slučky v havarijnom režime

Enregistré dans:
Détails bibliographiques
Auteur principal: Šprtel, Jozef (Auteur)
Autres auteurs: Világi, František (Directeur de thèse)
Format: Manuscrit Livre
Langue:slovaque
Publié: 2025
Sujets:
Accès en ligne:http://is.stuba.sk/zp/portal_zp.pl?podrobnosti=168382
Tags: Ajouter un tag
Pas de tags, Soyez le premier à ajouter un tag!

MARC

LEADER 00000ntm a22000003a 4500
001 stuzp104117
003 SK-STU
005 20250628211232.5
007 ta
008 150427s2015----xo-----f-mn---000-0-slo-d
040 |a STU  |b slo 
041 0 |a slo 
100 1 |a Šprtel, Jozef  |u 020060  |4 aut  |U SjF Strojnícka fakulta  |T SjF Ústav energetických strojov a zariadení  |X 115703  |U J0060  |Y 805  |7 115703 
242 0 1 |a Design of control elements for the cooling capacity of a natural convection loop in emergency mode  |y eng 
245 1 0 |a Návrh regulačných prvkov pre chladiaci výkon samoťažnej slučky v havarijnom režime 
260 |c 2025 
650 4 |a pasívna regulácia  |2 slo 
650 4 |a Samoťažná slučka  |2 slo 
650 4 |a tepelná rozťažnosť  |2 slo 
650 4 |a convection loop  |2 eng 
650 4 |a passive regulation  |2 eng 
650 4 |a thermal expansion  |2 eng 
700 1 |a Világi, František  |u 020060  |k Z1  |4 ths  |U SjF Strojnícka fakulta  |T SjF Ústav energetických strojov a zariadení  |X 68944  |U J0060  |Y 805  |7 A000068944 
856 4 |u http://is.stuba.sk/zp/portal_zp.pl?podrobnosti=168382